Loading...
| Current Events | 2 | 25.00 | 100% | 100% | 50% |
| Fine Arts - Classical Music | 4 | 15.00 | 100% | 0% | 50% |
| Fine Arts - Other | 4 | 10.00 | 75% | 25% | 0% |
| Fine Arts - Painting and Sculpture | 4 | 7.50 | 75% | 0% | 0% |
| Geography | 1 | 10.00 | 100% | 0% | 0% |
| History - American | 2 | 15.00 | 50% | 150% | 0% |
| History - Ancient/Other | 3 | 20.00 | 67% | 100% | 33% |
| History - European | 3 | 20.00 | 100% | 100% | 0% |
| History - Other | 3 | 13.33 | 100% | 33% | 0% |
| History - World | 7 | 18.57 | 100% | 57% | 29% |
| Literature - American | 3 | 16.67 | 100% | 67% | 0% |
| Literature - British | 3 | 16.67 | 100% | 67% | 0% |
| Literature - European | 2 | 20.00 | 100% | 100% | 0% |
| Literature - World | 4 | 15.00 | 100% | 50% | 0% |
| Mythology | 4 | 22.50 | 100% | 100% | 25% |
| Other Academic | 2 | 20.00 | 100% | 100% | 0% |
| Philosophy | 7 | 11.43 | 100% | 14% | 0% |
| Religion | 4 | 22.50 | 100% | 100% | 25% |
| Science - Biology | 5 | 12.00 | 80% | 40% | 0% |
| Science - Chemistry | 7 | 11.43 | 100% | 14% | 0% |
| Science - Other | 4 | 25.00 | 100% | 100% | 50% |
| Science - Physics | 6 | 16.67 | 67% | 67% | 33% |
| Social Science | 6 | 20.00 | 100% | 50% | 50% |